Programa de estudio educación especial y-o diferencial: deficiencia mental: desarrollo social

I tiakina i:
Ngā taipitopito rārangi puna kōrero
Kaituhi rangatōpū: Ministerio de Educación Pública (Author)
Hōputu: Pukapuka
Reo:Pāniora
I whakaputaina: Santiago Ministerio de Educación Pública 1976
Ngā marau:
Ngā Tūtohu: Tāpirihia he Tūtohu
Kāore He Tūtohu, Me noho koe te mea tuatahi ki te tūtohu i tēnei pūkete!

MARC

LEADER 00000nam a2200000 a 4500
001 UCY9353
003 CL-VaPUC
008 950717e19760000CL |||||||||||||||||spa|d
082 0 4 |a 371.928  |b MIN  |2 21 
110 2 |a Ministerio de Educación Pública  |e author  |9 341457 
245 1 0 |a Programa de estudio educación especial y-o diferencial: deficiencia mental: desarrollo social 
300 |a 22 h 
942 |c BK 
945 |d 19950717 00:00:00  |a mfernand 
260 |a Santiago  |b Ministerio de Educación Pública  |c 1976 
650 0 |a Educación especial  |9 307486 
650 0 |a Deficiencia mental  |9 334734 
650 0 |a Adaptación social  |9 336043 
650 0 |a Adaptación escolar  |9 308713 
650 0 |a Sociabilidad  |9 337571 
583 |a last modification  |c 19950717 00:00:00  |k Rodrigo Vera 
999 |c 236464  |d 236462 
952 |0 0  |1 0  |4 0  |6 371_928000000000000_MIN_1976  |7 0  |8 P  |9 244563  |a BIBEDU  |b BIBEDU  |c BIBEDU_PB  |d 2019-11-18  |i 150715K  |o 371.928 MIN 1976  |p 150715K  |r 2024-01-25  |w 2019-11-18  |y BK  |k EDU